| 000 | 00548nam a22001697a 4500 | ||
|---|---|---|---|
| 008 | 230410b |||||||| |||| 00| 0 eng d | ||
| 040 |
_aNational Science Library _cNational Science Library |
||
| 080 |
_a338.924(540) _bL0 |
||
| 100 | 1 |
_aBhagwati, Jagdish N _96553 |
|
| 245 |
_aIndia planning for industrialization: _bIndustrialization and trade policies since 1951 |
||
| 260 |
_aLondon: _bOxford University Press, _c1970 |
||
| 300 | _axx, 537p. | ||
| 650 | _aEconomics | ||
| 653 | _aTrade policies | ||
| 700 | _aDesai, Padma | ||
| 942 |
_2udc _cBK |
||
| 999 |
_c19665 _d19665 |
||